[Event "Lund CellaVision Cup"]
[Site "Lund"]
[Date "2015.08.07"]
[Round "3"]
[White "Fransson, Peter"]
[Black "Cramling, Pia"]
[Result "0-1"]
[WhiteElo "2209"]
[BlackElo "2512"]
[PlyCount "77"]
[EventDate "2015.08.07"]
[EventType "swiss"]
[EventRounds "8"]
[EventCountry "SWE"]
[SourceTitle "CBM 167 Extra"]
[Source "ChessBase"]
[SourceDate "2015.09.14"]
[SourceVersion "1"]
[SourceVersionDate "2015.09.14"]
[SourceQuality "1"]

1. Nf3 d5 2. g3 c6 3. Bg2 Bg4 4. d3 Nd7 5. Nbd2 e6 6. h3 Bh5 7. 0-0 Bc5 8. e4 Qc7 9. Qe1 Ne7 10. Kh2 0-0 11. d4 Bb6 12. Nb3 dxe4 13. Ng5 Nf6 14. Bf4 Qd8 15. Nxe4 Nxe4 16. Qxe4 Nd5 17. Bd2 Bg6 18. Qe2 Bxc2 19. Nc5 Bxc5 20. dxc5 Nf6 21. Rfe1 Bd3 22. Qe3 Bg6 23. Bc3 Nd5 24. Bxd5 exd5 25. Qd4 f6 26. Re3 Qd7 27. Rae1 Rae8 28. Qf4 Rxe3 29. Rxe3 Re8 30. Bd4 h6 31. g4 Rxe3 32. fxe3 Kh7 33. b4 Bc2 34. a3 Qe8 35. Qc7 Qg6 36. Qxb7 Bd1 37. Qc7 h5 38. gxh5 Bxh5 39. Qf4 0-1

[Event "Deltalift op"]
[Site "Tylosand"]
[Date "2015.05.16"]
[Round "7"]
[White "Thiborg, Jesper"]
[Black "Fransson, Peter"]
[Result "0-1"]
[WhiteElo "2065"]
[BlackElo "2225"]
[PlyCount "104"]
[EventDate "2015.05.14"]
[EventType "swiss"]
[EventRounds "8"]
[EventCountry "SWE"]
[SourceTitle "CBM 166 Extra"]
[Source "ChessBase"]
[SourceDate "2015.06.18"]
[SourceVersion "1"]
[SourceVersionDate "2015.06.18"]
[SourceQuality "1"]

1. d4 Nf6 2. Nf3 d6 3. b3 c5 4. e3 g6 5. Bb2 Bg7 6. Bd3 0-0 7. 0-0 Nbd7 8. Nbd2 b6 9. c3 Bb7 10. Re1 Qc7 11. e4 Rad8 12. Qe2 Nh5 13. Qe3 e5 14. Rac1 Rfe8 15. Bc4 exd4 16. cxd4 d5 17. Bb5 dxe4 18. Ne5 Nxe5 19. dxe5 Bxe5 20. Bxe5 Rxe5 21. Be2 Nf6 22. Nc4 Re6 23. Qh3 Nd5 24. Bf1 Rde8 25. Ne3 Nxe3 26. Qxe3 Rd8 27. h4 Qe7 28. g3 Qf6 29. Be2 Kg7 30. a3 Red6 31. h5 gxh5 32. b4 cxb4 33. axb4 R8d7 34. Bb5 Re7 35. Red1 h6 36. Be2 Rxd1+ 37. Rxd1 Qe5 38. Kg2 Qg5 39. Qc3+ Qf6 40. Qe3 Rc7 41. Rd4 Qg5 42. Rc4 Qxe3 43. fxe3 Rxc4 44. Bxc4 a5 45. bxa5 bxa5 46. Bb5 Bd5 47. Ba4 Kf6 48. Kh3 Kg5 49. Bc2 Bc6 50. Bb3 Bd7+ 51. Kg2 Be6 52. Bc2 h4 0-1

[Event "Deltalift op"]
[Site "Tylosand"]
[Date "2015.05.15"]
[Round "5"]
[White "Tryggestad, Andreas Garberg"]
[Black "Fransson, Peter"]
[Result "1-0"]
[WhiteElo "2077"]
[BlackElo "2225"]
[PlyCount "87"]
[EventDate "2015.05.14"]
[EventType "swiss"]
[EventRounds "8"]
[EventCountry "SWE"]
[SourceTitle "CBM 166 Extra"]
[Source "ChessBase"]
[SourceDate "2015.06.18"]
[SourceVersion "1"]
[SourceVersionDate "2015.06.18"]
[SourceQuality "1"]

1. e4 d6 2. d4 Nf6 3. Nc3 c6 4. f4 Qa5 5. Bd2 e5 6. Nf3 exd4 7. Nxd4 Qb6 8. Nb3 Be7 9. Qf3 Bg4 10. Qg3 h5 11. h3 h4 12. Qe3 Bh5 13. Qxb6 axb6 14. Bd3 Na6 15. a3 Nc5 16. Nxc5 bxc5 17. 0-0 Nd7 18. Rae1 f6 19. Nd1 b5 20. Ne3 c4 21. Be2 Bg6 22. Bf3 Ra6 23. Bb4 0-0 24. Nf5 Bxf5 25. exf5 Rf7 26. Bh5 c5 27. Bd2 d5 28. Re6 Bd6 29. Bxf7+ Kxf7 30. c3 Nf8 31. Re2 d4 32. Be1 g6 33. Bxh4 gxf5 34. Be1 Ng6 35. Bd2 d3 36. Ree1 Ne7 37. g4 Ra8 38. Kg2 Rg8 39. Kf3 Nd5 40. Rh1 Rh8 41. h4 fxg4+ 42. Kxg4 f5+ 43. Kxf5 Nf6 44. Reg1 1-0

[Event "Deltalift op"]
[Site "Halmstad"]
[Date "2014.05.31"]
[Round "7"]
[White "Reid, Gregor JM"]
[Black "Fransson, Peter"]
[Result "1/2-1/2"]
[WhiteElo "2135"]
[BlackElo "2237"]
[PlyCount "26"]
[EventDate "2014.03.29"]
[EventType "swiss"]
[EventRounds "8"]
[EventCountry "SWE"]
[SourceTitle "EXT 2015"]
[Source "ChessBase"]
[SourceDate "2014.11.20"]
[SourceVersion "1"]
[SourceVersionDate "2014.11.20"]
[SourceQuality "1"]

1. Nf3 Nf6 2. g3 g6 3. Bg2 Bg7 4. 0-0 0-0 5. d3 d6 6. e4 e5 7. h3 Nc6 8. Nc3 h6 9. Be3 Re8 10. d4 exd4 11. Nxd4 Bd7 12. Nde2 Be6 13. Nd4 Bd7 1/2-1/2

[Event "SWE-chT2 0809"]
[Site "Sweden"]
[Date "2009.03.14"]
[Round "8"]
[White "Fransson, Peter"]
[Black "Karlsson, Jorgen"]
[Result "1-0"]
[WhiteElo "2345"]
[BlackElo "2179"]
[PlyCount "81"]
[EventDate "2008.10.25"]
[EventType "team-tourn"]
[EventRounds "9"]
[EventCountry "SWE"]
[SourceTitle "EXT 2011"]
[Source "ChessBase"]
[SourceDate "2010.11.26"]
[SourceVersion "1"]
[SourceVersionDate "2010.11.26"]
[SourceQuality "1"]

1. e4 g6 2. d4 Bg7 3. Nf3 d6 4. h3 c6 5. a4 Nd7 6. a5 Ngf6 7. Nc3 0-0 8. Be3 e5 9. dxe5 dxe5 10. Qd6 Re8 11. Bc4 Qe7 12. Qxe7 Rxe7 13. 0-0 h6 14. Rfd1 Bf8 15. Ne1 Nh5 16. Nd3 g5 17. b4 Nf4 18. b5 Nf6 19. bxc6 bxc6 20. Bc5 Re8 21. Bxf8 Kxf8 22. Nc5 Ke7 23. Rab1 g4 24. h4 Ne6 25. Bxe6 Bxe6 26. Rb7+ Kf8 27. Rd6 Rad8 28. Rxd8 Rxd8 29. Nd3 Rd7 30. a6 Kg7 31. Nc5 Rd6 32. Rxa7 Bc4 33. Rb7 Rd2 34. Rb2 g3 35. fxg3 Ng4 36. a7 Ne3 37. a8Q Rxg2+ 38. Kh1 Rxg3 39. Rb8 Rh3+ 40. Kg1 Kg6 41. Qxc6+ 1-0

[Event "SWE-chT2 0809"]
[Site "Sweden"]
[Date "2008.12.06"]
[Round "3"]
[White "Renman, Nils Gustaf"]
[Black "Fransson, Peter"]
[Result "1/2-1/2"]
[WhiteElo "2431"]
[BlackElo "2345"]
[PlyCount "128"]
[EventDate "2008.10.25"]
[EventType "team-tourn"]
[EventRounds "9"]
[EventCountry "SWE"]
[SourceTitle "EXT 2011"]
[Source "ChessBase"]
[SourceDate "2010.11.26"]
[SourceVersion "1"]
[SourceVersionDate "2010.11.26"]
[SourceQuality "1"]

1. d4 Nf6 2. Nf3 g6 3. c4 Bg7 4. Nc3 0-0 5. e4 d6 6. Be2 e5 7. 0-0 Nc6 8. d5 Ne7 9. b4 a5 10. bxa5 Rxa5 11. Nd2 Nd7 12. Nb3 Ra8 13. a4 f5 14. f3 Kh8 15. Be3 Ng8 16. c5 Bh6 17. Bf2 Ndf6 18. Nd2 fxe4 19. fxe4 Nh5 20. Nc4 Nf4 21. cxd6 cxd6 22. Bb6 Qg5 23. Bf3 Bh3 24. Ne3 Nf6 25. Kh1 Rac8 26. Nb5 Bd7 27. Nxd6 Rc3 28. g3 Nh3 29. Ndc4 Rxc4 30. Nxc4 Ng4 31. Qe2 Bg7 32. Bg2 Qh5 33. Rxf8+ Bxf8 34. Bxh3 Qxh3 35. Ne3 Bg7 36. Nxg4 Bxg4 37. Qf2 Qh5 38. Ra3 h6 39. Rd3 Bd7 40. a5 Bb5 41. Rc3 Qd1+ 42. Qg1 Qe2 43. Re3 Qc2 44. Qe1 Bd3 45. d6 Bb5 46. Rc3 Qa4 47. Kg1 Bc6 48. Qc1 Bd7 49. Rc7 Bh3 50. Qd2 Qb5 51. Rc1 h5 52. Rd1 Bd7 53. h4 Kh7 54. Kh2 Qc4 55. Qd3 Qe6 56. Rc1 Qh3+ 57. Kg1 Bb5 58. Qxb5 Qxg3+ 59. Kf1 Qf4+ 60. Ke2 Qxc1 61. Qd3 Bf6 62. d7 Bxh4 63. Qd1 Qc4+ 64. Qd3 Qc1 1/2-1/2

[Event "Lidkoping op"]
[Site "Lidkoping"]
[Date "1994.??.??"]
[Round "5"]
[White "Fransson, Peter"]
[Black "Ernst, Thomas"]
[Result "0-1"]
[WhiteElo "2220"]
[BlackElo "2480"]
[PlyCount "110"]
[EventDate "1994.??.??"]
[EventType "swiss"]
[EventRounds "6"]
[EventCountry "SWE"]
[SourceTitle "EXT 1998"]
[Source "ChessBase"]
[SourceDate "1997.11.17"]
[SourceVersion "1"]
[SourceVersionDate "1997.11.17"]
[SourceQuality "1"]

1. e4 c5 2. Nf3 d6 3. c3 Nf6 4. d3 e5 5. a3 Be7 6. b4 Nbd7 7. Qc2 d5 8. exd5 Nxd5 9. bxc5 Bxc5 10. d4 exd4 11. cxd4 Be7 12. Bd3 N7f6 13. Ne5 0-0 14. g4 Nxg4 15. Bxh7+ Kh8 16. Bf5 Ndf6 17. Bb2 Bd6 18. Rg1 Nxe5 19. dxe5 Bxe5 20. Bxe5 Qa5+ 21. Qc3 Qxc3+ 22. Nxc3 Bxf5 23. Bxf6 Rfe8+ 24. Ne2 gxf6 25. Rg3 Rad8 26. Rc1 Bd3 27. Re3 Rxe3 28. fxe3 Bxe2 29. Kxe2 Rd7 30. Rg1 Rd5 31. Kf3 Ra5 32. Rb1 b6 33. Rb3 Ra4 34. Rd3 Kg7 35. Rc3 Kg6 36. Rd3 f5 37. h3 Kg5 38. Kg3 f4+ 39. exf4+ Rxf4 40. Rd7 Ra4 41. h4+ Kg6 42. Rd3 f5 43. Rf3 b5 44. Rd3 a6 45. Rf3 a5 46. Rb3 b4 47. axb4 Rxb4 48. Rc3 Rg4+ 49. Kh3 a4 50. Rc5 Rb4 51. Ra5 Rb3+ 52. Kg2 a3 53. h5+ Kxh5 54. Rxf5+ Kg4 55. Ra5 Rb2+ 0-1

[Event "Oerebro op"]
[Site "Oerebro"]
[Date "1992.??.??"]
[Round "?"]
[White "Lind, Jan Olov"]
[Black "Fransson, Peter"]
[Result "1/2-1/2"]
[WhiteElo "2345"]
[BlackElo "2220"]
[PlyCount "75"]
[EventDate "1992.??.??"]
[EventType "swiss"]
[EventRounds "7"]
[EventCountry "SWE"]
[SourceTitle "EXT 1997"]
[Source "ChessBase"]
[SourceDate "1996.11.15"]
[SourceVersion "1"]
[SourceVersionDate "1996.11.15"]
[SourceQuality "1"]

1. f4 Nf6 2. Nf3 g6 3. e3 Bg7 4. Be2 0-0 5. 0-0 d6 6. d3 c5 7. Qe1 Nc6 8. a4 e5 9. fxe5 dxe5 10. e4 Nd4 11. Nxd4 exd4 12. Na3 Be6 13. b3 Nd7 14. Bf4 Ne5 15. Qg3 f6 16. Bxe5 fxe5 17. Bg4 Qe7 18. Bxe6+ Qxe6 19. Nc4 b6 20. Rxf8+ Rxf8 21. Rf1 Rxf1+ 22. Kxf1 Bf6 23. Qh3 Qxh3 24. gxh3 Kf8 25. a5 b5 26. Nd6 a6 27. Nxb5 Bd8 28. Nd6 Bxa5 29. Nc4 Bc7 30. Ke2 Ke7 31. Kf3 Kf6 32. Nb2 Ke6 33. Na4 Kd6 34. Kg4 Bd8 35. Nb2 h5+ 36. Kf3 Kc6 37. Nc4 Bc7 38. Ke2 1/2-1/2

[Event "Budapest IM"]
[Site "Budapest"]
[Date "1991.??.??"]
[Round "1"]
[White "Bordas, Gyula"]
[Black "Fransson, Peter"]
[Result "1-0"]
[WhiteElo "2310"]
[BlackElo "2250"]
[PlyCount "71"]
[EventDate "1991.??.??"]
[EventType "tourn"]
[EventRounds "13"]
[EventCountry "HUN"]
[EventCategory "4"]
[SourceTitle "EXT 1997"]
[Source "ChessBase"]
[SourceDate "1996.11.15"]
[SourceVersion "1"]
[SourceVersionDate "1996.11.15"]
[SourceQuality "1"]

1. c4 Nf6 2. Nc3 g6 3. e4 d6 4. d4 Bg7 5. Be2 0-0 6. Nf3 e5 7. 0-0 Nc6 8. d5 Ne7 9. Ne1 Nd7 10. f3 f5 11. g4 Kh8 12. Bd2 Ng8 13. Qc1 Ndf6 14. h3 Rf7 15. Nd3 f4 16. b4 h5 17. c5 Ne8 18. Kg2 Bh6 19. Rh1 Rh7 20. a4 Bg5 21. a5 Nh6 22. b5 Nf7 23. c6 bxc6 24. bxc6 Bh4 25. Be1 Bg5 26. Qb2 Bh4 27. Nb5 Kg8 28. Qd2 Bg5 29. Nf2 Qf6 30. a6 Nh6 31. Qd3 Bh4 32. Qc3 Bg3 33. Nd3 Qh4 34. Bd2 Nf7 35. Qa5 Ng5 36. Raf1 1-0

[Event "Budapest IM"]
[Site "Budapest"]
[Date "1991.??.??"]
[Round "8"]
[White "Kranzl, Peter"]
[Black "Fransson, Peter"]
[Result "1-0"]
[WhiteElo "2300"]
[BlackElo "2250"]
[PlyCount "41"]
[EventDate "1991.??.??"]
[EventType "tourn"]
[EventRounds "13"]
[EventCountry "HUN"]
[EventCategory "4"]
[SourceTitle "EXT 1997"]
[Source "ChessBase"]
[SourceDate "1996.11.15"]
[SourceVersion "1"]
[SourceVersionDate "1996.11.15"]
[SourceQuality "1"]

1. e4 c5 2. c3 a6 3. d4 e6 4. Nf3 b5 5. Bd3 Bb7 6. 0-0 c4 7. Bc2 d6 8. Nfd2 Nf6 9. f4 Nbd7 10. e5 Nd5 11. Ne4 dxe5 12. fxe5 f5 13. exf6 gxf6 14. b3 h5 15. bxc4 bxc4 16. Ng5 fxg5 17. Bg6+ Ke7 18. Ba3+ Nc5 19. Rf7+ Kd6 20. Bxc5+ Kc6 21. Qa4# 1-0

[Event "Oerebro"]
[Site "Oerebro"]
[Date "1990.??.??"]
[Round "4"]
[White "Fransson, Peter"]
[Black "Hector, Jonny"]
[Result "1/2-1/2"]
[WhiteElo "2260"]
[BlackElo "2465"]
[PlyCount "128"]
[EventDate "1990.??.??"]
[EventType "tourn"]
[EventRounds "5"]
[EventCountry "SWE"]
[SourceTitle "EXT 2001"]
[Source "ChessBase"]
[SourceDate "2000.11.22"]
[SourceVersion "1"]
[SourceVersionDate "2000.11.22"]
[SourceQuality "1"]

1. e4 e5 2. Nf3 Nc6 3. Bb5 Bb4 4. c3 Ba5 5. Bxc6 dxc6 6. Nxe5 Qg5 7. d4 Qxg2 8. Qf3 Qxf3 9. Nxf3 Nf6 10. a4 a6 11. Nbd2 0-0 12. Rg1 Re8 13. e5 Bb6 14. Nc4 Ba7 15. Bg5 Nd5 16. Ne3 Be6 17. Nxd5 Bxd5 18. Bf6 g6 19. Nd2 b5 20. Rg4 c5 21. dxc5 Bxc5 22. Ne4 Bf8 23. axb5 axb5 24. Rxa8 Rxa8 25. Bg5 Be6 26. Rh4 h5 27. Nf6+ Kg7 28. Rd4 Bc5 29. Rd2 b4 30. Ne4 Bf8 31. Rd8 Rxd8 32. Bxd8 c6 33. Kd2 Bd5 34. Kd3 bxc3 35. bxc3 Ba3 36. Bf6+ Kf8 37. Nd6 Bf3 38. Bg5 Bg2 39. Nc4 Bc5 40. Ne3 Bf3 41. Bh4 Ke8 42. Nc2 Bb6 43. Nd4 Bg2 44. Ke2 Ba5 45. Kd2 Kd7 46. f4 Bc7 47. Bf2 Bf1 48. Nf3 Bc4 49. Be3 Ke6 50. Ng5+ Kf5 51. h3 Bd8 52. Ke1 Be7 53. Kd2 h4 54. Ke1 Bd5 55. Kf2 Bd8 56. Ke2 Bxg5 57. fxg5 Bg2 58. Kf2 Ke4 59. Bb6 Bxh3 60. Kg1 Kf3 61. Kh2 Be6 62. Bd8 Kg4 63. Bf6 Kf4 64. Bd8 Kxe5 1/2-1/2

[Event "Gausdal Int"]
[Site "Gausdal"]
[Date "1990.??.??"]
[Round "1"]
[White "Fransson, Peter"]
[Black "Hoi, Carsten"]
[Result "1/2-1/2"]
[WhiteElo "2260"]
[BlackElo "2415"]
[PlyCount "24"]
[EventDate "1990.08.??"]
[EventType "swiss"]
[EventRounds "9"]
[EventCountry "NOR"]
[SourceTitle "TD"]
[Source "ChessBase"]
[SourceDate "1994.03.01"]
[SourceVersion "1"]
[SourceVersionDate "1994.03.01"]
[SourceQuality "1"]

1. e4 g6 2. d4 Bg7 3. Nc3 d6 4. Nf3 Nf6 5. h3 0-0 6. Be3 a6 7. a4 Nc6 8. Be2 e5 9. dxe5 Nxe5 10. Nxe5 dxe5 11. Qxd8 Rxd8 12. Bc4 Bd7 1/2-1/2